Score 0/16 Timer 04:00
1 Play Today
The Mystery... ...Unmasked % Correct
RFEDFred
97.4%
DOFOFood
96.9%
NAGGGang
94.5%
EHREW EAR UYO!Where are You!
92.7%
DEAPHNDaphne
91.6%
ASYPPCR-OODScrappy-Doo
91.3%
YSOCBO ASNXScooby Snax
90.5%
ASGYHGShaggy
89.9%
The Mystery... ...Unmasked % Correct
ONIZKSZoinks
86.4%
AVEMLVelma
85.5%
CUELClue
83.8%
HGTOSGhost
82%
WTHSA ENWWhat's New
77.5%
SMRTYYE MICEHANMystery Machine
64.6%
DGEDILNM ISDKMeddling Kids
56.3%
PTSARTraps
52.6%
Remove Ads.
Support Sporcle.
Get the best of Sporcle when you Go Orange. This ad-free experience offers more features, more stats, and more fun while also helping to support Sporcle. Thank you for becoming a member.

You're not logged in!

Compare scores with friends on all Sporcle quizzes.
OR
Log In

Show Comments

Extras

Top Quizzes Today


Score Distribution

Your Account Isn't Verified!

In order to create a playlist on Sporcle, you need to verify the email address you used during registration. Go to your Sporcle Settings to finish the process.

Report this User

Report this user for behavior that violates our Community Guidelines.

Details: